=LDR 00000nam 2200000 4500 =001 INLIS000000000055830 =005 20200728103107 =035 ##$$a 0010-0720000134 =007 ta =008 200728###########################0#eng## =082 ##$$a 641.509 729 =084 ##$$a 641.509 729 Wol t =245 1#$$a The Cooking of the Caribbean Islands /$c Wolfe Linda =250 ##$$a Ed.5 =300 ##$$a 208 halaman : $b Ilustrasi ; $c 24 Cm. =500 ##$$a Indeks : halaman 200 - 208 =650 #4$$a Masakan Karibea =264 ##$$a Nederland :$b Time-Life International,$c 1977 =336 ##$$a teks$2 rdacontent =337 ##$$a lain-lain$2 rdamedia =338 ##$$a lain-lain$2 rdacarrier =990 ##$$a 26892689